000 004360000a22001690004500
041 0 _aENG
082 0 4 _aG 296 H4986i
100 1 _aHendriksen, William (1900- )
245 1 0 _aIsrael and the Bible / William Hendriksen
260 _aGrand Rapids, MI., USA : Baker
300 _a63 Pag
001 8999
942 _cBK
999 _c39089
_d39089
336 _atexto
_btxt
_2rdacontent
337 _2rdamedia
_asin mediación
_bn
338 _2rdacarrier
_avolumen
_bnc